| 000 | 01681nam a2200241Ia 4500 | ||
|---|---|---|---|
| 008 | 260220t1971||||xx |||||||||||||| ||spa|| | ||
| 040 |
_aPY-SlUNAC _bspa _erda |
||
| 041 | _aspa | ||
| 082 |
_a946 _bB235v |
||
| 100 |
_aBarco Teruel, Enrique _eAutor |
||
| 245 | 0 |
_aVosotros, los españoles / _cpor Enrique Barco Teruel [Autor] |
|
| 264 |
_aBarcelona : _bMarte, _c℗1971. |
||
| 300 | _a1 volumen | ||
| 520 | _a"Vosotros, los españoles" de Enrique Barco Teruel es una obra que busca explorar la identidad y la cultura española a través de un análisis crítico y reflexivo de la sociedad española de su época. El autor aborda temas como la historia, la política, la lengua y las tradiciones, ofreciendo una visión profunda de la diversidad cultural que caracteriza a España. Barco Teruel utiliza un estilo accesible y directo, lo que facilita la comprensión de conceptos complejos relacionados con la identidad nacional. A lo largo del texto, el autor invita a los lectores a cuestionarse sobre su pertenencia y el significado de ser español, promoviendo un diálogo sobre los valores y las realidades sociales del país. La obra se erige como un llamado a la reflexión sobre el pasado y el futuro de España, destacando la importancia de la cohesión social y el respeto por las diferencias culturales. En definitiva, el libro es una contribución significativa al estudio de la identidad española contemporánea. | ||
| 653 | _aCultura | ||
| 653 | _aHistoria | ||
| 653 | _aIdentidad nacional | ||
| 942 |
_b2026/02/17 _cBK |
||
| 999 |
_c9512 _d9512 |
||